Call of Duty: Black Ops II Zombies Maps - Statistics

General Stats
  • This quiz has been taken 61 times
  • The average score is 8 of 12
Answer Stats
Maps % Correct
TranZit
94%
Origins
90%
Town
90%
Farm
84%
Buried
82%
Nuketown Zombies
78%
Die Rise
76%
Mob of the Dead
76%
Bus Depot
49%
Diner
47%
Cell Block
16%
Borough
8%
No matching quizzes found
Score Distribution
Percent of People with Each Score
Percentile by Number Answered
Your Score History
You have not taken this quiz